01653cam a22003495i 4500999001700000001000800017003000900025005001700034008004100051020002200092020001800114040003800132082002000170100003300190245005900223250002000282250002100302264012300323300004500446336002600491337002800517338002700545504005100572520027400623650002900897653002700926655001700953856007400970856008601044942001201130952016101142 c27799d277703489670EG-ScBUE20191204150635.0941229r19961995enka f b 001 0 eng d a0521438772 (pbk.) a9780521438773 aDLCbengerdacDLCdDLCdEG-ScBUE04a401.43bLYO2221 aLyons, John,d1932-eauthor.10aLinguistic semantics :ban introduction /cJohn Lyons. aSecond edition. aReprint edition. 1aCambridge ;a New York, USA :bThe Press syndicate of the University of Cambridge :bCambridge University Pressc1996. axvi, 376 pages :billustrations ;c23 cm atextbtxt2rdacontent aunmediatedbn2rdamedia avolumebnc2rdacarrier aIncludes bibliographical references and index. aLinguistic Semantics: An Introduction is the successor to Sir John Lyons's important study Language, Meaning and Context (1981), substantially expanded in scope to include several new topics not previously discussed and to take into account developments in the subject. 7aSemantics.2BUEsh937315 bHHUUEENNcNovember2019 vReading book413Table of contentsuhttp://www.loc.gov/catdir/toc/cam023/94049736.html423Publisher descriptionuhttp://www.loc.gov/catdir/description/cam026/94049736.html 2ddccBB 00102ddc40708BaccahaMAINbMAINc2NDd2019-11-21ePurchaseg100.00l1m2o401.43 LYOp000048281r2025-07-15 00:00:00s2021-12-01v125.00w2019-11-21yBB